|
|
|
|
| LEADER |
00000nam0a2200000 4500 |
| 001 |
145208 |
| 005 |
20231031144002.0 |
| 035 |
|
|
|a (RuTPU)RU\TPU\book\157404
|
| 090 |
|
|
|a 145208
|
| 100 |
|
|
|a 20081014d1972 k y0rusy50 ca
|
| 101 |
0 |
|
|a rus
|
| 102 |
|
|
|a RU
|
| 105 |
|
|
|a a z 001zy
|
| 200 |
1 |
|
|a Коррозия и защита металлов
|f Академия наук Украинской ССР (АН УССР), Институт общей и неорганической химии ;отв. ред. Ю. С. Делимарский
|
| 210 |
|
|
|a Киев
|c Наукова думка
|d 1972
|
| 215 |
|
|
|a 128 с.
|c ил.
|
| 320 |
|
|
|a Библиогр. в конце ст.
|
| 610 |
1 |
|
|a коррозия металлов
|
| 610 |
1 |
|
|a сборники
|
| 610 |
1 |
|
|a защитные покрытия
|
| 610 |
1 |
|
|a скоростной отжиг
|
| 610 |
1 |
|
|a полимерные покрытия
|
| 610 |
1 |
|
|a коррозийная стойкость
|
| 610 |
1 |
|
|a расплавы
|
| 610 |
1 |
|
|a электроосаждение
|
| 675 |
|
|
|a 621.7м.01:[620.191+620.197]
|v 3
|
| 702 |
|
1 |
|a Делимарский
|b Ю. С.
|4 340
|
| 712 |
0 |
2 |
|a Академия наук Украинской ССР (АН УССР)
|b Институт общей и неорганической химии
|2 stltpush
|3 (RuTPU)RU\TPU\col\11826
|
| 801 |
|
1 |
|a RU
|b 63413507
|c 20081014
|g PSBO
|
| 801 |
|
2 |
|a RU
|b 63413507
|c 20160601
|g PSBO
|
| 942 |
|
|
|c BK
|